000 00676cam a22002411 4500
005 20260322212010.0
008 data
010 _a 38027201
040 _aDLC
_cODaWU
_dDLC
_dDLC
042 _apremarc
050 0 0 _aDT434.E2
_bB6 1938
082 _a916.76
099 _aDINEI
100 1 _aDinesen, Isak,
_d1885-1962.
245 1 0 _aOut of Africa.
_cIsak Dinesen.
260 _aNew York,
_bRandom House
_c[c1938]
300 _aix, 389 p.
_b22 cm.
500 _aAuthor's pseud., Isak Dinesen, at head of title.
500 _aAn account of the author's life on a coffee farm in Kenya.
650 0 _aCountry life
_zKenya.
650 0 _aIndigenous peoples
_zKenya.
001 data
999 _c203
_d203